| 000 | 01205nam a2200313Ia 4500 | ||
|---|---|---|---|
| 001 | ebr10151444 | ||
| 003 | CaPaEBR | ||
| 006 | m u | ||
| 007 | cr cn||||||||| | ||
| 008 | 060324s2006 nyu sb 001 0 eng d | ||
| 010 | _z 2006010167 | ||
| 020 | _z0123693756 (hardback : alk. paper) | ||
| 040 |
_aCaPaEBR _cCaPaEBR |
||
| 035 | _a(OCoLC)647626716 | ||
| 050 | 1 | 4 |
_aHV8073 _b.C515 2006eb |
| 082 | 0 | 4 |
_a363.25 _222 |
| 100 | 1 |
_aChisum, W. Jerry _q(William Jerry) |
|
| 245 | 1 | 0 |
_aCrime reconstruction _h[electronic resource] / _cW. Jerry Chisum, Brent E. Turvey. |
| 260 |
_aNew York : _bElsevier/Academic Press, _c2006. |
||
| 300 | _axxvii, 587, [2] p. | ||
| 504 | _aIncludes bibliographical references and index. | ||
| 533 |
_aElectronic reproduction. _bPalo Alto, Calif. : _cebrary, _d2009. _nAvailable via World Wide Web. _nAccess may be limited to ebrary affiliated libraries. |
||
| 650 | 0 | _aCriminal investigation. | |
| 650 | 0 | _aForensic sciences. | |
| 655 | 7 |
_aElectronic books. _2local |
|
| 700 | 1 | _aTurvey, Brent E. | |
| 710 | 2 | _aebrary, Inc. | |
| 856 | 4 | 0 |
_uhttp://site.ebrary.com/lib/rucke/Doc?id=10151444 _zAn electronic book accessible through the World Wide Web; click to view |
| 999 |
_c94640 _d94640 |
||